| 000 | 00753nam a2200265Ia 4500 | ||
|---|---|---|---|
| 001 | dia_2645 | ||
| 003 | CHAP | ||
| 005 | 20230531091141.0 | ||
| 008 | 220117s2001 xx 000 0 und d | ||
| 010 | _a173164 | ||
| 020 | _a970-701-152-1 | ||
| 040 | _cCHAP | ||
| 082 | _a378 B3 | ||
| 100 |
_aBarba Alvarez, Antonio _910073 |
||
| 245 |
_aUniversidad, Organización y Sociedad: Arreglos y Controversias / _c por Antonio Barba Alvarez |
||
| 260 |
_aMéxico : _b UNAM, _c2001 |
||
| 300 | _a196 p. | ||
| 400 | _a(PROBLEMAS EDUCATIVOS EN MEXICO) | ||
| 503 | _aC/e | ||
| 650 |
_a1.Educación superior _9148004 |
||
| 901 | _a378 B3 | ||
| 902 | _aM | ||
| 905 | _a0000002001 MX X 0000000000SPA00 | ||
| 942 |
_cLIBRO _2ddc |
||
| 999 |
_c173164 _d173164 |
||